000 00463nam a22001697a 4500
005 20251108175600.0
008 250721s2018 xx 000 0 ara d
082 1 4 _aق/سرا
100 1 _aسراج، ساندرا
245 1 0 _aما لا نبوح به /
264 1 _aالقاهرة :
_bدار دون،
_c2018.
300 _a174ص.
650 1 7 _aالادب العربي
650 1 7 _aالروايات العربية
942 _2ddc
_cBK
999 _c137501
_d137501